The First Rubber Asia Pacific Rubber Conference APRC 2013, 5-6 September 2013, Surat Thani, Thailand (Record no. 44871)

MARC details
000 -LEADER
fixed length control field 01349nam a2200445Ia 4500
082 ## - DEWEY DECIMAL CLASSIFICATION NUMBER
Classification number NR:0632013
Item number APR
245 #4 - TITLE STATEMENT
Title The First Rubber Asia Pacific Rubber Conference APRC 2013, 5-6 September 2013, Surat Thani, Thailand
260 ## - PUBLICATION, DISTRIBUTION, ETC. (IMPRINT)
Place of publication Thailand
Name of publisher Prince of Songkla University
Year of publication 2013
300 ## - PHYSICAL DESCRIPTION
Number of Pages 208p.
650 ## - SUBJECT ADDED ENTRY--TOPICAL TERM
Topical Term Biodegradable gloves
650 ## - SUBJECT ADDED ENTRY--TOPICAL TERM
Topical Term Carbon nanotube elastomer composites
650 ## - SUBJECT ADDED ENTRY--TOPICAL TERM
Topical Term Carbonsequestration
650 ## - SUBJECT ADDED ENTRY--TOPICAL TERM
Topical Term Climate change
650 ## - SUBJECT ADDED ENTRY--TOPICAL TERM
Topical Term Climate variability
650 ## - SUBJECT ADDED ENTRY--TOPICAL TERM
Topical Term Cosmetic pore packetsHot air jets
650 ## - SUBJECT ADDED ENTRY--TOPICAL TERM
Topical Term Cuplump production
650 ## - SUBJECT ADDED ENTRY--TOPICAL TERM
Topical Term Halloysite nanotubes
650 ## - SUBJECT ADDED ENTRY--TOPICAL TERM
Topical Term Macrofauna biodiversity
650 ## - SUBJECT ADDED ENTRY--TOPICAL TERM
Topical Term Markerting
650 ## - SUBJECT ADDED ENTRY--TOPICAL TERM
Topical Term Necrotic TPD
650 ## - SUBJECT ADDED ENTRY--TOPICAL TERM
Topical Term NR foams
650 ## - SUBJECT ADDED ENTRY--TOPICAL TERM
Topical Term Psuedolatex
650 ## - SUBJECT ADDED ENTRY--TOPICAL TERM
Topical Term Quality improvement
650 ## - SUBJECT ADDED ENTRY--TOPICAL TERM
Topical Term Rainfall influence
650 ## - SUBJECT ADDED ENTRY--TOPICAL TERM
Topical Term Rheological behavior
650 ## - SUBJECT ADDED ENTRY--TOPICAL TERM
Topical Term Rolling resistance tyre
650 ## - SUBJECT ADDED ENTRY--TOPICAL TERM
Topical Term Rubber plantation
650 ## - SUBJECT ADDED ENTRY--TOPICAL TERM
Topical Term sheet drying
650 ## - SUBJECT ADDED ENTRY--TOPICAL TERM
Topical Term Smallholder tapping practices
650 ## - SUBJECT ADDED ENTRY--TOPICAL TERM
Topical Term Special NR gloves
650 ## - SUBJECT ADDED ENTRY--TOPICAL TERM
Topical Term Starch synthesisPara rubber
650 ## - SUBJECT ADDED ENTRY--TOPICAL TERM
Topical Term Sustainability
650 ## - SUBJECT ADDED ENTRY--TOPICAL TERM
Topical Term Thai rubber industry
650 ## - SUBJECT ADDED ENTRY--TOPICAL TERM
Topical Term Thermoplastic NAtural rubber
650 ## - SUBJECT ADDED ENTRY--TOPICAL TERM
Topical Term TPNR
650 ## - SUBJECT ADDED ENTRY--TOPICAL TERM
Topical Term TSSR
650 ## - SUBJECT ADDED ENTRY--TOPICAL TERM
Topical Term Water balance model
942 ## - ADDED ENTRY ELEMENTS (KOHA)
Koha item type Books
Holdings
Withdrawn status Lost status Damaged status Not for loan Home library Current library Date acquired Source of acquisition Full call number Accession Number Koha item type
        RRII Library RRII Library 16/12/2021 Gift NR:0632013 APR G01614 Books